000 00572nam a2200181Ia 4500
008 090630s9999 xx 000 0 und d
082 _b9729
100 _aपरदेशी दिलीप.
245 _aकाजळपूर्वा.
_cपरदेशी दिलीप.
260 _bमनोरा.
300 _a195
600 _aपरदेशी दिलीप.
630 _aकाजळपूर्वा.
655 _aनाटक.
700 _aपरदेशी दिलीप.
730 _aकाजळपूर्वा.
942 _cBOOK
999 _c261585
_d261585